[Event "Titled Tuesday intern op 17th May Early"]
[Site "Chess.com INT"]
[Date "2022.05.17"]
[Round "10"]
[White "Kobo, Ori"]
[Black "Gallego Alcaraz, Andres Felipe"]
[Result "1-0"]
[WhiteElo "2534"]
[BlackElo "2499"]
[PlyCount "75"]
[EventDate "2022.05.17"]
[EventType "swiss (blitz)"]
[EventRounds "11"]
[EventCountry "USA"]
[SourceTitle "CBM 208 Extra"]
[Source "ChessBase"]
[SourceDate "2022.07.31"]
[SourceVersion "1"]
[SourceVersionDate "2022.07.31"]
[SourceQuality "1"]

1. d4 Nf6 2. c4 g6 3. Nc3 d5 4. cxd5 Nxd5 5. e4 Nxc3 6. bxc3 c5 7. Nf3 Bg7 8. Bb5+ Bd7 9. Be2 0-0 10. 0-0 cxd4 11. cxd4 Nc6 12. Rb1 b6 13. Bb2 Na5 14. d5 Bxb2 15. Rxb2 Bg4 16. Qd4 Bxf3 17. Bxf3 Rc8 18. e5 Rc4 19. Qe3 Qc7 20. Re2 Qc5 21. Qg5 f6 22. Qg3 Rd4 23. h4 Nc4 24. exf6 exf6 25. h5 g5 26. Rfe1 Qd6 27. Qxd6 Nxd6 28. Re6 Nc4 29. h6 Ne5 30. d6 Nxf3+ 31. gxf3 Rd8 32. Re7 R4xd6 33. Rg7+ Kh8 34. Ree7 Rd1+ 35. Kg2 g4 36. Rxh7+ Kg8 37. Reg7+ Kf8 38. Rh8# 1-0

[Event "Titled Tuesday intern op 10th May Early"]
[Site "Chess.com INT"]
[Date "2022.05.10"]
[Round "5"]
[White "Girinath, PDS"]
[Black "Gallego Alcaraz, Andres Felipe"]
[Result "0-1"]
[WhiteElo "2361"]
[BlackElo "2499"]
[PlyCount "112"]
[EventDate "2022.05.10"]
[EventType "swiss (blitz)"]
[EventRounds "11"]
[EventCountry "USA"]
[SourceTitle "CBM 208 Extra"]
[Source "ChessBase"]
[SourceDate "2022.07.31"]
[SourceVersion "1"]
[SourceVersionDate "2022.07.31"]
[SourceQuality "1"]

1. e4 c5 2. Nf3 Nc6 3. Bb5 g6 4. 0-0 Bg7 5. c3 Nf6 6. Re1 0-0 7. h3 a6 8. Bxc6 bxc6 9. d4 cxd4 10. cxd4 d6 11. Nc3 Nd7 12. Be3 a5 13. Qd2 Rb8 14. b3 c5 15. Bh6 cxd4 16. Bxg7 Kxg7 17. Qxd4+ f6 18. Rad1 Qb6 19. Na4 Qxd4 20. Nxd4 Kf7 21. Nc6 Ra8 22. f3 Bb7 23. Nd4 Rfc8 24. Rc1 Ne5 25. Nb6 Rxc1 26. Rxc1 Ra6 27. Nd5 Nc6 28. Nxc6 Bxc6 29. Kf2 f5 30. Ke3 e6 31. Nf4 g5 32. Ne2 f4+ 33. Kd2 e5 34. Nc3 Ke6 35. Kd3 h5 36. Kc4 Ra8 37. Nd5 Rc8 38. Kd3 Bb5+ 39. Kd2 Rxc1 40. Kxc1 Bf1 41. Kd2 Bxg2 42. Ke2 Bxh3 43. b4 axb4 44. Nxb4 g4 45. a4 Kd7 46. a5 Kc7 47. Nd5+ Kb7 48. Nf6 gxf3+ 49. Kxf3 Bg4+ 50. Kf2 Bc8 51. Ne8 Kc6 52. Ng7 h4 53. a6 Bxa6 54. Nf5 h3 55. Ne7+ Kd7 56. Nd5 Bb7 0-1

[Event "Titled Tuesday intern op 10th May Early"]
[Site "Chess.com INT"]
[Date "2022.05.10"]
[Round "11"]
[White "Stankovic, Ivan G"]
[Black "Gallego Alcaraz, Andres Felipe"]
[Result "1-0"]
[WhiteElo "2255"]
[BlackElo "2499"]
[PlyCount "133"]
[EventDate "2022.05.10"]
[EventType "swiss (blitz)"]
[EventRounds "11"]
[EventCountry "USA"]
[SourceTitle "CBM 208 Extra"]
[Source "ChessBase"]
[SourceDate "2022.07.31"]
[SourceVersion "1"]
[SourceVersionDate "2022.07.31"]
[SourceQuality "1"]

1. e4 c5 2. c4 g6 3. Nc3 Nc6 4. g3 Bg7 5. Bg2 d6 6. d3 Nf6 7. Nge2 0-0 8. 0-0 Ne8 9. Be3 Nc7 10. d4 cxd4 11. Nxd4 Nxd4 12. Bxd4 Bxd4 13. Qxd4 Ne6 14. Qd3 Nc5 15. Qc2 Be6 16. b3 Qb6 17. h4 Rac8 18. h5 a5 19. Rab1 f6 20. Nd5 Bxd5 21. exd5 Kg7 22. Rfe1 Qd8 23. Bh3 Rc7 24. Re3 b6 25. Rbe1 Rf7 26. a3 Nb7 27. Be6 Rf8 28. Re4 Nc5 29. Rh4 g5 30. h6+ Kh8 31. Rd4 Qe8 32. b4 axb4 33. axb4 Nxe6 34. Rxe6 Qg6 35. Rde4 Ra8 36. Qc3 Raa7 37. Rxd6 exd6 38. Qxf6+ Rg7 39. hxg7+ Rxg7 40. Qxg6 hxg6 41. Re6 Rc7 42. Rxd6 Kg7 43. Rxb6 Rxc4 44. d6 Rd4 45. Kg2 Kf6 46. Kf3 Rd3+ 47. Ke4 Rd2 48. d7+ Ke7 49. Ke3 Rb2 50. Rxg6 Rb3+ 51. Ke2 Rb2+ 52. Kf1 Rxb4 53. Rg7+ Kd8 54. Rxg5 Kxd7 55. Re5 Kd6 56. Re2 Kd7 57. f4 Rb3 58. Kf2 Kd6 59. g4 Kd7 60. g5 Kd6 61. g6 Kd7 62. Re3 Rb6 63. f5 Rf6 64. g7 Rxf5+ 65. Rf3 Rg5 66. Rg3 Rf5+ 67. Kg2 1-0

[Event "Bucharest Super Rapid op"]
[Site "Bucharest"]
[Date "2022.04.30"]
[Round "1"]
[White "Gallego Alcaraz, Andres Felipe"]
[Black "Paraschiv, Petronela Alexandra"]
[Result "1-0"]
[WhiteElo "2523"]
[BlackElo "1857"]
[PlyCount "69"]
[EventDate "2022.04.30"]
[EventType "swiss (rapid)"]
[EventRounds "10"]
[EventCountry "ROU"]
[SourceTitle "CBM 208 Extra"]
[Source "ChessBase"]
[SourceDate "2022.07.31"]
[SourceVersion "1"]
[SourceVersionDate "2022.07.31"]
[SourceQuality "1"]

1. d4 Nf6 2. Nf3 e6 3. c4 Bb4+ 4. Bd2 Qe7 5. g3 Bxd2+ 6. Nbxd2 0-0 7. Bg2 d6 8. e4 e5 9. d5 a5 10. 0-0 Bd7 11. Ne1 Ng4 12. h3 Nh6 13. Nd3 f5 14. f4 exf4 15. Nxf4 Na6 16. Qc2 Nb4 17. Qb3 b6 18. Rae1 Qf6 19. Kh2 g5 20. Ne6 Bxe6 21. dxe6 Qd4 22. Nf3 Qg7 23. exf5 Nxf5 24. c5 Ne7 25. cxd6 cxd6 26. Re4 Rac8 27. a3 Nbd5 28. Rg4 h6 29. Nxg5 Nf6 30. Rxf6 Rxf6 31. Ne4 Rg6 32. Nxd6 Rf8 33. Nf7 Rxg4 34. hxg4 Rd8 35. Nxd8 1-0

[Event "Bassano del Grappa Easter op-A 2nd"]
[Site "Bassano del Grappa"]
[Date "2022.04.16"]
[Round "5"]
[White "Basso, Pier Luigi"]
[Black "Gallego Alcaraz, Andres Felipe"]
[Result "1-0"]
[WhiteElo "2583"]
[BlackElo "2523"]
[PlyCount "101"]
[EventDate "2022.04.14"]
[EventType "swiss"]
[EventRounds "9"]
[EventCountry "ITA"]
[SourceTitle "CBM 207 Extra"]
[Source "ChessBase"]
[SourceDate "2022.05.31"]
[SourceVersion "1"]
[SourceVersionDate "2022.05.31"]
[SourceQuality "1"]

1. d4 Nf6 2. c4 g6 3. h4 c5 4. d5 b5 5. cxb5 a6 6. e3 axb5 7. Bxb5 Qa5+ 8. Nc3 Ne4 9. Bd2 Nxd2 10. Qxd2 Bg7 11. Nge2 0-0 12. h5 d6 13. hxg6 hxg6 14. Rh4 Ba6 15. Bxa6 Nxa6 16. g3 Rfb8 17. Kf1 Rb4 18. Rxb4 cxb4 19. Ne4 Nc7 20. Nf4 Qb5+ 21. Kg2 Be5 22. Rc1 Qb7 23. Rc4 Bxf4 24. Rxb4 Qxd5 25. gxf4 Qxa2 26. Ng3 Qd5+ 27. Qxd5 Nxd5 28. Rb5 e6 29. Ne4 Ra6 30. Rb7 e5 31. fxe5 dxe5 32. Rb5 Ra4 33. Nd6 Ne7 34. Rxe5 Ra6 35. Rxe7 Rxd6 36. b4 Rd2 37. b5 Rb2 38. Rb7 Kg7 39. b6 Kf6 40. Kf3 Ke6 41. Rb8 Kd6 42. Kg3 Ke6 43. f3 Rb4 44. e4 Rb3 45. Kg4 Rb5 46. f4 Rb1 47. Kg5 Ke7 48. b7 Rb6 49. e5 Rb5 50. Kh6 Rb1 51. Kg7 1-0